Statistics for Young politicians by Picture

Click here to take the quiz!

General Stats

  • This quiz has been taken 52 times
  • The average score is 6 of 16

Answer Stats

Answer% Correct
Joe Biden
79%
Mitch McConnell
68%
Ron DeSantis
55%
Marco Rubio
53%
Sarah Huckabee Sanders
50%
Dianne Feinstein
47%
Nancy Pelosi
47%
Rand Paul
39%
Chris Christie
29%
Elizabeth Warren
26%
Charles Schumer
24%
Gretchen Whitmer
18%
Sarah Palin
18%
Mike Pence
16%
Kyrsten Sinema
13%
Nikki Haley
13%

Score Distribution

Percentile by Number Answered

Percent of People with Each Score

Your Score History

You have not taken this quiz